000 00247nam a22001097a 4500
008 160620b xxu||||| |||| 00| 0 eng d
100 _9161
_aCBSE
245 _aHEALTH
260 _aN.D
_bFrank Bross & Comp.
_c1989
300 _aHealth
942 _2ddc
_cBK
999 _c131
_d131